000 00632cam a22002172 4500
001 0000004147
005 20151217145756.0
008 070521s xx 000 0 eng d
020 _a0387950389 :
_cGBP 38.50
040 _aKABU
_cKABU
050 0 _aQA76.76
_b.D4L36 2001
100 1 _aLanger, Arthur M.
_@0000154560
245 1 0 _aAnalysis and design of information systems.
250 _a2nd ed.
260 _aNew York :
_bSpringer,
_c2001.
300 _axiv, 281 p.
650 0 _aComputer software
_xDevelopment.
_@0000148175
908 _a070521
950 _@1
999 _c2489
_d2489